<?xml version="1.0" encoding="UTF-8"?>
<record
    xmlns:xsi="http://www.w3.org/2001/XMLSchema-instance"
    xsi:schemaLocation="http://www.loc.gov/MARC21/slim http://www.loc.gov/standards/marcxml/schema/MARC21slim.xsd"
    xmlns="http://www.loc.gov/MARC21/slim">

  <leader>02151nam a2200385 i 4500</leader>
  <controlfield tag="001">60788</controlfield>
  <controlfield tag="003">CO-BoRNBP</controlfield>
  <controlfield tag="005">20260318143657.0</controlfield>
  <controlfield tag="007">ta</controlfield>
  <controlfield tag="008">210825r20222016ck a   cr     000 p spa d</controlfield>
  <datafield tag="020" ind1=" " ind2=" ">
    <subfield code="a">9789589002032</subfield>
  </datafield>
  <datafield tag="040" ind1=" " ind2=" ">
    <subfield code="a">CO-BoRNBP</subfield>
    <subfield code="b">spa</subfield>
    <subfield code="e">rda</subfield>
    <subfield code="c">CO-BoRNBP</subfield>
  </datafield>
  <datafield tag="041" ind1="0" ind2=" ">
    <subfield code="a">spa</subfield>
  </datafield>
  <datafield tag="043" ind1=" " ind2=" ">
    <subfield code="a">nwcu---</subfield>
  </datafield>
  <datafield tag="084" ind1=" " ind2=" ">
    <subfield code="a">P</subfield>
  </datafield>
  <datafield tag="100" ind1="1" ind2=" ">
    <subfield code="a">Rodr&#xED;guez, Antonio Orlando,</subfield>
    <subfield code="d">1956- ,</subfield>
    <subfield code="e">aut</subfield>
    <subfield code="9">2660</subfield>
  </datafield>
  <datafield tag="245" ind1="1" ind2="3">
    <subfield code="a">El rock de la momia y otros versos diversos /</subfield>
    <subfield code="c">Antonio Orlando Rodr&#xED;guez ; ilustraciones de Daniel Rabanal.</subfield>
  </datafield>
  <datafield tag="250" ind1=" " ind2=" ">
    <subfield code="a">Primera edici&#xF3;n</subfield>
    <subfield code="b">Segunda reimpresi&#xF3;n</subfield>
  </datafield>
  <datafield tag="264" ind1=" " ind2="1">
    <subfield code="a">Bogot&#xE1;, Colombia :</subfield>
    <subfield code="b">Editorial Santillana,</subfield>
    <subfield code="c">2016,</subfield>
    <subfield code="c">2022.</subfield>
  </datafield>
  <datafield tag="300" ind1=" " ind2=" ">
    <subfield code="a">59 p&#xE1;ginas :</subfield>
    <subfield code="b">ilustraciones a color ;</subfield>
    <subfield code="c">24 cm.</subfield>
  </datafield>
  <datafield tag="336" ind1=" " ind2=" ">
    <subfield code="a">texto</subfield>
    <subfield code="b">txt</subfield>
    <subfield code="2">rdacontent</subfield>
  </datafield>
  <datafield tag="337" ind1=" " ind2=" ">
    <subfield code="a">sin mediaci&#xF3;n</subfield>
    <subfield code="b">n</subfield>
    <subfield code="2">rdamedia</subfield>
  </datafield>
  <datafield tag="338" ind1=" " ind2=" ">
    <subfield code="a">volumen</subfield>
    <subfield code="b">nc</subfield>
    <subfield code="2">rdacarrier</subfield>
  </datafield>
  <datafield tag="490" ind1="0" ind2=" ">
    <subfield code="a">Nidos para la Lectura</subfield>
  </datafield>
  <datafield tag="500" ind1=" " ind2=" ">
    <subfield code="a">El material correspondiente a la dotaci&#xF3;n PNLB 2022, corresponde a  la segunda reimpresi&#xF3;n de 2022, de la primera edici&#xF3;n de 2016.</subfield>
  </datafield>
  <datafield tag="520" ind1="1" ind2=" ">
    <subfield code="a">Algunos ni&#xF1;os me han dicho  que est&#xE1;n en una edad de  &#x201C;cero poemas&#x201D;. Adem&#xE1;s, me  han confesado que la poes&#xED;a  les parece quieta y alejada  de sus vidas. Por eso, cuando  descubr&#xED; El rock de la momia,  grit&#xE9;: &#x201C;&#xA1;Eureka!, esto es lo que  necesitan&#x201D;. Aunque nos cueste creerlo, la  poes&#xED;a sigue m&#xE1;s viva que nunca.  En las canciones de moda, en los  juegos del recreo, en los chistes  que inventamos y tambi&#xE9;n  cuando no sabemos nombrar  lo que nos pasa por dentro, un  poema puede hablarnos en un  idioma distinto al de la vida real. El escritor cubano Antonio  Orlando Rodr&#xED;guez conoce a la  perfecci&#xF3;n ese idioma secreto... (Tomado de la fuente).</subfield>
  </datafield>
  <datafield tag="521" ind1="1" ind2=" ">
    <subfield code="a">Recomendado para un p&#xFA;blico infantil mayor de 10 a&#xF1;os.</subfield>
  </datafield>
  <datafield tag="650" ind1="1" ind2="7">
    <subfield code="a">Poes&#xED;a infantil cubana</subfield>
    <subfield code="y">Siglo XX</subfield>
    <subfield code="2">rnbp</subfield>
    <subfield code="9">61141</subfield>
  </datafield>
  <datafield tag="650" ind1="1" ind2="7">
    <subfield code="a">Literatura infantil cubana</subfield>
    <subfield code="y">Siglo XX</subfield>
    <subfield code="2">rnbp</subfield>
    <subfield code="9">63821</subfield>
  </datafield>
  <datafield tag="650" ind1="1" ind2="7">
    <subfield code="a">M&#xFA;sica rock en la literatura</subfield>
    <subfield code="2">rnbp</subfield>
    <subfield code="9">69504</subfield>
  </datafield>
  <datafield tag="650" ind1="1" ind2="7">
    <subfield code="a">Momias en la literatura</subfield>
    <subfield code="2">rnbp</subfield>
    <subfield code="9">69505</subfield>
  </datafield>
  <datafield tag="650" ind1="1" ind2="7">
    <subfield code="a">Fantasmas en la literatura</subfield>
    <subfield code="2">rnbp</subfield>
    <subfield code="9">540</subfield>
  </datafield>
  <datafield tag="700" ind1="1" ind2=" ">
    <subfield code="a">Rabanal, Daniel,</subfield>
    <subfield code="d">1949- ,</subfield>
    <subfield code="e">ill</subfield>
  </datafield>
  <datafield tag="942" ind1=" " ind2=" ">
    <subfield code="2">loc</subfield>
    <subfield code="c">BKLITI</subfield>
    <subfield code="n">0</subfield>
  </datafield>
  <datafield tag="999" ind1=" " ind2=" ">
    <subfield code="c">60788</subfield>
    <subfield code="d">60788</subfield>
  </datafield>
  <datafield tag="952" ind1=" " ind2=" ">
    <subfield code="0">0</subfield>
    <subfield code="1">0</subfield>
    <subfield code="2">ddc</subfield>
    <subfield code="4">0</subfield>
    <subfield code="7">0</subfield>
    <subfield code="a">MECASARI</subfield>
    <subfield code="b">MECASARI</subfield>
    <subfield code="d">2026-03-18</subfield>
    <subfield code="l">0</subfield>
    <subfield code="o">P</subfield>
    <subfield code="p">MDA100184</subfield>
    <subfield code="r">2026-03-18 14:37:18</subfield>
    <subfield code="t">Ej.1</subfield>
    <subfield code="w">2026-03-18</subfield>
    <subfield code="y">BKLITI</subfield>
  </datafield>
</record>
